Living on less and liking it more / (Record no. 3035)

MARC details
000 -LEADER
fixed length control field 00846cam a2200277 i 4500
001 - CONTROL NUMBER
control field 3653016
003 - CONTROL NUMBER IDENTIFIER
control field GBCCL
005 - DATE AND TIME OF LATEST TRANSACTION
control field 20241126110445.0
008 - FIXED-LENGTH DATA ELEMENTS--GENERAL INFORMATION
fixed length control field 760817s1976 ilu b 000 0 eng
010 ## -
-- 76040220
020 ## - INTERNATIONAL STANDARD BOOK NUMBER
International Standard Book Number 0802449123 :
Terms of availability $4.95
040 ## - CATALOGING SOURCE
Original cataloging agency DLC
Transcribing agency DLC
Modifying agency DLC
050 00 -
-- BV4501.2
-- .H32
082 00 - DEWEY DECIMAL CLASSIFICATION NUMBER
Classification number 241.68
Edition information 20
Item number HAN
100 1# - MAIN ENTRY--PERSONAL NAME
Personal name Hancock, Maxine.
9 (RLIN) 6300
245 10 - TITLE STATEMENT
Title Living on less and liking it more /
Statement of responsibility, etc. by Maxine Hancock.
260 ## - PUBLICATION, DISTRIBUTION, ETC.
Place of publication, distribution, etc. Chicago :
Name of publisher, distributor, etc. Moody Press,
Date of publication, distribution, etc. c1976.
300 ## - PHYSICAL DESCRIPTION
Extent 158 p. ;
Dimensions 22 cm.
504 ## - BIBLIOGRAPHY, ETC. NOTE
Bibliography, etc. note Includes bibliographical references.
650 #0 - SUBJECT ADDED ENTRY--TOPICAL TERM
Topical term or geographic name entry element Christian life.
9 (RLIN) 183
650 #0 - SUBJECT ADDED ENTRY--TOPICAL TERM
Topical term or geographic name entry element Materialism
General subdivision Religious aspects
-- Christianity.
9 (RLIN) 6301
650 #0 - SUBJECT ADDED ENTRY--TOPICAL TERM
Topical term or geographic name entry element Values.
9 (RLIN) 2658
650 #0 - SUBJECT ADDED ENTRY--TOPICAL TERM
Topical term or geographic name entry element Cost and standard of living.
9 (RLIN) 6302
906 ## - LOCAL DATA ELEMENT F, LDF (RLIN)
a 7
b cbc
c orignew
d 1
e ocip
f 19
g y-gencatlg
942 ## - ADDED ENTRY ELEMENTS (KOHA)
Source of classification or shelving scheme Dewey Decimal Classification
Koha item type Books
Koha issues (borrowed), all copies 1
Holdings
Withdrawn status Lost status Source of classification or shelving scheme Damaged status Not for loan Home library Current Library Shelving location Date acquired Total checkouts Full call number Barcode Date last seen Date last checked out Copy number Price effective from Koha item type
    Dewey Decimal Classification     GRACE BIBLE COLLEGE GRACE BIBLE COLLEGE Theology 2017-10-13 1 241.68 HAN 008260 2025-05-01 2023-03-13 c.1 2017-10-13 Books
© Grace Bible College Library 2025